00397 a2200109 4500001001000000005001700010008004100027245012200068100001700190773006300207999001700270ART_3045920260410162004.0260409a 10aPuntos de partida para un plan estratégico de la Secretaría de la gestión pública de la provincia de San Juan1 aCao, Horacio0 tBoletín Informativo ASAPg- Nº 43 (oct. 2009)wREV30391 c31545d31545